Extinct Animals - Sudden Death - Statistics

General Stats
  • This quiz has been taken 443 times
  • The average score is 8 of 14
Answers on the Grid
Answers color-coded by a green-red scale on the quiz's grid according to % correct below.
Dodo
Sea Cow
Quagga
Elephant Seal
Mammoth
Sloth Lemur
Great Auk
Auroch
Megatherium
Cassowary
Tree Kangaroo
Goblin Shark
Glass Frog
Dumbo Octopus
Flying Lemur
Lyrebird
Sea Dragon
Thylacine
Blobfish
Smilodon
Haast's Eagle
Giant Moa
Andean Condor
Aardvark
Platypus
Streaked Tenrec
Star-Nosed Mole
Megalodon
Passenger Pigeon
Raccoon Dog
 
Answer Stats
Answer % Correct
Dodo
78%
Megalodon
70%
Mammoth
69%
Giant Moa
66%
Smilodon
59%
Passenger Pigeon
58%
Megatherium
57%
Thylacine
54%
Great Auk
52%
Quagga
52%
Auroch
49%
Haast's Eagle
49%
Sea Cow
31%
Sloth Lemur
30%
No matching quizzes found
Score Distribution
Percent of People with Each Score
Percentile by Number Answered
Your Score History
You have not taken this quiz